| 000 | 00659nam a2200217Ia 4500 | ||
|---|---|---|---|
| 003 | OSt | ||
| 005 | 20250129150312.0 | ||
| 008 | 210210b1995 xxu||||| |||| 00| 0 eng d | ||
| 040 | _cAL | ||
| 041 | _aKannada | ||
| 082 | _aK894.109 SHIK | ||
| 100 |
_aSHIVARUDRAPPA (G S).Ed. _9133973 _d ಶಿವರುದ್ರಪ್ಪ (ಜಿ ಎಸ್). |
||
| 245 |
_aKavyartha chintana. _bಕಾವ್ಯಾರ್ಥ ಚಿಂತನ |
||
| 260 |
_aBengaluru _bPriyadarshini Prakashana _c1995 |
||
| 300 | _avii,220 | ||
| 650 |
_aKavyartha _9133974 |
||
| 650 |
_achintana. _9133975 |
||
| 690 |
_aKannada Poetry Criticism _9133976 |
||
| 906 | _a054010 | ||
| 942 |
_2ddc _cBK |
||
| 999 |
_c102328 _d102328 |
||